Statistics for Historical Timeline of Bulgaria

Click here to take the quiz!

General Stats

  • This quiz has been taken 62 times
  • The average score is 8 of 9

Answer Stats

Year Hint Answer % Correct
1878Principality of B_______Principality of Bulgaria
100%
1908Kingdom of B_______Kingdom of Bulgaria
100%
1946People's Republic of B_______People's Republic of Bulgaria
100%
681First B________ EmpireFirst Bulgarian Empire
98%
1185Second B________ EmpireSecond Bulgarian Empire
98%
46R____ EmpireRoman Empire
90%
1396O______ EmpireOttoman Empire
90%
330B________ EmpireByzantine Empire
75%
460 BCOdr_____ KingdomOdrysian Kingdom
13%

Score Distribution

Percentile by Number Answered

Percent of People with Each Score

Your Score History

You have not taken this quiz